000
00316 a2200157 4500
001
176594
020
_a
040
_c
Magnum
100
_a
Baker, Stephen
240
1
0
_a
Odeio reunioes
_l
por
245
1
0
_a
Odeio reunioes
362
0
_a
1899
440
1
_a
Melhoramentos
697
_a
MAGNITO: GERAL
942
_c
BK
999
_c
176594
_d
176594